000 00743nam a2200205 a 4500
001 000046256
005 20201002052736.0
008 150713s2006 sp 000 f spa d
020 _a8484892379
040 _aDO-SdBNP
_bspa
_cBNPHU
082 _axxxx
_bxxxx
100 1 _aMaeseneer, Rita de
_956694
245 1 0 _aEncuentro con la narrativa dominicana contemporánea /
_cRita De Maeseneer.
260 _aMadrid :
_bIberoamericana ; Frankfurt am Main : Vervuert,
_c2006.
300 _a261 p. ;
_c23 cm.
504 _aBibliografía : p. 235-256
500 _aIncluye referencias bibliográficas y notas al pie de las páginas.
500 _aIncluye datos de la autora en la solapa de la contracubierta
500 _aIncluye Índice de autores
999 _c45745
_d45745